| 000 | 00413cam a22001097a 4500 | ||
|---|---|---|---|
| 008 | 180718b1970 xxu||||| |||| 00| 0 eng d | ||
| 082 | _aQ98x5452 Bs | ||
| 245 |
_aReport on the working of borstal school Pudukottai _cby Home Department |
||
| 260 |
_aPudukottai _bThe Director of Stationert Printing Press _c1970 |
||
| 500 | _aLibrary has : 1957,.1958,1961,1664,1966,1967,1968,1969 | ||
| 700 | _aTamilnadu.Home Department | ||
| 999 |
_c495930 _d495930 |
||